<?xml version="1.0" encoding="UTF-8"?><?xml-stylesheet type="text/xsl" href="static/style.xsl"?><OAI-PMH xmlns="http://www.openarchives.org/OAI/2.0/" xmlns:xsi="http://www.w3.org/2001/XMLSchema-instance" xsi:schemaLocation="http://www.openarchives.org/OAI/2.0/ http://www.openarchives.org/OAI/2.0/OAI-PMH.xsd"><responseDate>2026-04-17T06:21:04Z</responseDate><request verb="GetRecord" identifier="oai:www.recercat.cat:2117/90913" metadataPrefix="marc">https://recercat.cat/oai/request</request><GetRecord><record><header><identifier>oai:recercat.cat:2117/90913</identifier><datestamp>2025-07-22T21:25:49Z</datestamp><setSpec>com_2072_1033</setSpec><setSpec>col_2072_452951</setSpec></header><metadata><record xmlns="http://www.loc.gov/MARC21/slim" xmlns:dcterms="http://purl.org/dc/terms/" xmlns:xsi="http://www.w3.org/2001/XMLSchema-instance" xmlns:doc="http://www.lyncode.com/xoai" xsi:schemaLocation="http://www.loc.gov/MARC21/slim http://www.loc.gov/standards/marcxml/schema/MARC21slim.xsd">
   <leader>00925njm 22002777a 4500</leader>
   <datafield ind2=" " ind1=" " tag="042">
      <subfield code="a">dc</subfield>
   </datafield>
   <datafield ind2=" " ind1=" " tag="720">
      <subfield code="a">Jurado Garayar, Dante Danilo</subfield>
      <subfield code="e">author</subfield>
   </datafield>
   <datafield ind2=" " ind1=" " tag="260">
      <subfield code="c">2016-06</subfield>
   </datafield>
   <datafield ind2=" " ind1=" " tag="520">
      <subfield code="a">El presente estudio denominado “Diseño piloto del sistema de tratamiento pasivo de&#xd;
infiltraciones provenientes del depósito de material inadecuado de Minera La Zanja, Perú” tiene&#xd;
como objetivo evaluar y seleccionar un piloto de sistema de tratamiento pasivo, para ello se&#xd;
identificará la zona de estudio, los materiales y especies vegetales con potencial para la&#xd;
implementación de este sistema de tratamiento.&#xd;
El método de investigación utilizado es el cualitativo y descriptivo (Hernández et al. 2010), ya&#xd;
que se busca especificar las propiedades y características de los sistemas de tratamiento&#xd;
pasivo.&#xd;
Como parte del Estado del Arte, se tiene que el presente estudio está ubicado en el distrito de&#xd;
Pulán, provincia de Santa Cruz de Succhabamba, departamento de Cajamarca al norte de&#xd;
Perú, específicamente en la unidad minera La Zanja, depósito de oro y plata en los andes&#xd;
peruanos. En este capítulo se menciona además las condiciones ambientales del área en&#xd;
estudio, los aspectos biológicos; para luego describir los sistemas de tratamiento pasivos&#xd;
existentes, mostrar sus tipos, ventajas y los componentes que lo conforman.&#xd;
El capítulo III, Cuerpo del Trabajo, presenta la metodología para la selección, diseño y&#xd;
construcción del sistema de tratamiento. Para lo cual se han considerado los materiales&#xd;
disponibles en la unidad minera como los substratos, plantas nativas, bacterias reductoras,&#xd;
efluentes domésticos tratados, entre otros. La obtención de algunos materiales resultan de&#xd;
otros procesos o sub procesos, como el tratamiento de efluentes domésticos, o implementación&#xd;
de columnas de Winogradsky.&#xd;
Una vez seleccionado el sistema de tratamiento y considerando las características del efluente&#xd;
a tratar, se procede con el diseño obteniéndose como resultado un área de 900 m2 de un&#xd;
sistema de producción sucesiva de alcalinidad (SAPS) y 2,000 m2 para el humedal aerobio o&#xd;
wetland, los cuales serán implementados en el sector Bramadero de la unidad minera La Zanja.&#xd;
Las especies recomendadas en el presente estudio son la Carex spp (junco) y las Typhas spp,&#xd;
por su rápida propagación y adaptación en los sistemas de tratamiento pasivo.&#xd;
Finalmente, para asegurar un adecuado seguimiento al sistema propuesto se presenta un plan&#xd;
de monitoreo que abarca variados componentes del sistema como: calidad del agua al ingreso&#xd;
y salida del sistema, monitoreo biológico, monitoreo de sedimentos y el rendimiento del sistema&#xd;
en la remoción de metales.</subfield>
   </datafield>
   <datafield tag="653" ind2=" " ind1=" ">
      <subfield code="a">Àrees temàtiques de la UPC::Enginyeria civil::Enginyeria de mines::Explotació de mines</subfield>
   </datafield>
   <datafield tag="653" ind2=" " ind1=" ">
      <subfield code="a">Sewage -- Purification -- Heavy metals removal</subfield>
   </datafield>
   <datafield tag="653" ind2=" " ind1=" ">
      <subfield code="a">Gold mines and mining--Peru.</subfield>
   </datafield>
   <datafield tag="653" ind2=" " ind1=" ">
      <subfield code="a">Sewage disposal plants--Developing countries</subfield>
   </datafield>
   <datafield tag="653" ind2=" " ind1=" ">
      <subfield code="a">Tratamiento pasivo</subfield>
   </datafield>
   <datafield tag="653" ind2=" " ind1=" ">
      <subfield code="a">Drenaje ácido</subfield>
   </datafield>
   <datafield tag="653" ind2=" " ind1=" ">
      <subfield code="a">Especies nativas</subfield>
   </datafield>
   <datafield tag="653" ind2=" " ind1=" ">
      <subfield code="a">Mines d'or -- Perú -- Aspectes ambientals</subfield>
   </datafield>
   <datafield tag="653" ind2=" " ind1=" ">
      <subfield code="a">Aigües residuals -- Depuració -- Eliminació de metalls pesants</subfield>
   </datafield>
   <datafield tag="653" ind2=" " ind1=" ">
      <subfield code="a">Aigües residuals -- Plantes de tractament -- Països en vies de desenvolupament</subfield>
   </datafield>
   <datafield ind2="0" ind1="0" tag="245">
      <subfield code="a">Diseño piloto del sistema de tratamiento pasivo de infiltraciones provenientes del depósito de material inadecuado de Minera La Zanja, Perú</subfield>
   </datafield>
</record></metadata></record></GetRecord></OAI-PMH>